Μέτρηση αποδοτικότητας τραπεζικών καταστημάτων και αναδιαμόρφωση τραπεζικών δικτύων : μεταπτυχιακή διατριβή
Αποθηκεύτηκε σε:
| Κύριος συγγραφέας: | |
|---|---|
| Συγγραφή απο Οργανισμό/Αρχή: | |
| Άλλοι συγγραφείς: | |
| Μορφή: | Thesis Βιβλίο |
| Γλώσσα: | Greek |
| Δημοσίευση: |
2013
|
| Θέματα: | |
| Διαθέσιμο Online: | http://hdl.handle.net/11610/13305 |
| Ετικέτες: |
Προσθήκη ετικέτας
Δεν υπάρχουν, Καταχωρήστε ετικέτα πρώτοι!
|
MARC
| LEADER | 00000cam a2200000 i 4500 | ||
|---|---|---|---|
| 001 | 1/49444 | ||
| 008 | 140617s2013 gre d | ||
| 035 | |l 10117995 | ||
| 040 | |a GR-MY-UA |b gre |e aacr | ||
| 041 | 0 | |a gre | |
| 082 | 0 | |a 332.1 |2 (23) | |
| 100 | 1 | |a Σταυριανίδης, Νίκος. | |
| 245 | 1 | 0 | |a Μέτρηση αποδοτικότητας τραπεζικών καταστημάτων και αναδιαμόρφωση τραπεζικών δικτύων : |b μεταπτυχιακή διατριβή / |c Σταυριανίδης Νίκος ; επιβλέπουσα: Μαύρη Μάνια |
| 260 | |c 2013 | ||
| 300 | |a 141 σ.; |b πίν., διαγρ.; |c 30 εκ. | ||
| 502 | # | # | |a Διατριβή (μεταπτυχιακή) – Πανεπιστήμιο Αιγαίου, Χίος, 2013. |
| 504 | |a Βιβλιογραφία: σ.133-140 | ||
| 650 | 0 | 0 | |a Banks and banking |x Evaluation. |
| 650 | 0 | 0 | |a Banks and banking |x Statistics. |
| 650 | 0 | 0 | |a Dissertations, Academic |z Greece. |
| 700 | 0 | |4 ths |a Μαύρη, Μαρία. | |
| 710 | 1 | |a Πανεπιστήμιο Αιγαίου |b Σχολή Επιστημών της Διοίκησης |b Τμήμα Διοίκησης Επιχειρήσεων |b Πρόγραμμα Μεταπτυχιακών Σπουδών στη Διοίκηση Επιχειρήσεων - M.B.A. | |
| 852 | |a INST |b CHIOS |c DIATR |e 20140616 |h 332.1 ΣΤΑ |p 005200036573 |q 005200036573 |t MTXE |y 23 | ||
| 852 | |a INST |b CHIOS |c DIATR |e 20140616 |h 332.1 ΣΤΑ |p 005200036574 |q 005200036574 |t MTXE |y 23 | ||
| 856 | |u http://hdl.handle.net/11610/13305 | ||
| 901 | |a BIBL2-2014-2 | ||
| 909 | |a Χ |b 179770 | ||
| 909 | |a Χ |b 175769 | ||
| 924 | |a ΣΤΑΥΡΙΑΝΙΔΗΣ |b ΝΙΚΟΣ |y ΧΙΟΣ |z 2013-07 | ||
| 970 | |a ΣΑΛΑΜΟΥΡΑ |b ΜΑΡΙΑ |z 2014/06/17 | ||